Paroles - Il avait les mots - Sheryfa Luna - Statistiques

Statistiques générales
  • Ce quiz a été pris 351 fois
  • Le résultat moyen est 245 sur 299
Statistiques - réponses
Réponse % Correct
Il
100%
il
100%
je
98%
Je
98%
le
98%
m'a
97%
M'a
97%
avait
96%
de
96%
dans
95%
Dans
95%
les
95%
mots
95%
accro
94%
bras
94%
la
94%
se
94%
pas
93%
ses
93%
que
92%
rendue
92%
et
91%
me
91%
ne
91%
sa
90%
Sa
90%
Ce
87%
ce
87%
était
86%
plus
86%
lui
85%
moi
85%
qui
85%
savais
85%
tout
85%
déjà
83%
si
83%
âgé
82%
Bête
82%
Par
82%
ça
81%
connaissais
81%
j'ai
81%
J'ai
81%
suis
81%
voyais
81%
vraiment
81%
Mais
80%
mais
80%
bêtement
79%
l'avenir
78%
L'avenir
78%
pour
78%
tombée
78%
dérangé
77%
l'ai
77%
toujours
77%
qu'il
76%
découvert
75%
soir
75%
dès
74%
des
74%
n'le
74%
sincère
74%
pouvais
73%
Est
72%
est
72%
l'aimais
72%
semblait
71%
c'que
70%
fermais
70%
m'en
70%
vie
68%
j'connaissais
67%
rarement
67%
capter
65%
femme
64%
faux
63%
J'étais
63%
j'étais
63%
qu'à
62%
son
62%
parlait
61%
temps
61%
jouets
60%
Pendant
60%
trouvé
60%
avec
59%
chien
59%
jardin
59%
mentait
59%
suite
59%
caisse
58%
compagnie
58%
ex
58%
souvent
58%
chez
57%
l'appeler
57%
maison
57%
On
57%
continuait
56%
disait
56%
Même
56%
première
56%
elle
55%
m'aimait
55%
s'amusait
55%
trompait
55%
cramé
54%
d'famille
54%
quand
54%
suivi
54%
venue
53%
conne
52%
m'avouer
52%
racontait
52%
Putain
51%
s'imagine
51%
n'pensais
50%
perdait
50%
c'qu'il
49%
d'suite
49%
découvrais
48%
cachait
47%
d'nom
47%
n'avais
47%
supportais
46%
d'vie
44%
surprise
43%
pardonnais
39%
qu'est-ce
39%
doutais
38%
grillé
38%
qu'j'étais
37%
Aucun quiz correspondant
Distribution des résultats
% des personnes avec chaque résultat
Percentile par nombre de réponses
Votre historique - résultats
Vous n’avez pas pris ce quiz